| 000 | 00656nas a22001937a 4500 | ||
|---|---|---|---|
| 003 | NALT | ||
| 005 | 20210107160729.0 | ||
| 008 | 210107b th |||p| |||| 00| 0 tha d | ||
| 022 | _a2586890X | ||
| 040 | _aNALT | ||
| 245 | 0 | 0 | _aวารสารวิชาการซายน์เทค มรภ.ภูเก็ต |
| 260 | _aมหาวิทยาลัยราชภัฏภูเก็ต | ||
| 310 | _aรายหกเดือน | ||
| 500 | _aวารสารอิเล็กทรอนิกส์ | ||
| 850 | _aNALT | ||
| 856 | _uhttps://ph01.tci-thaijo.org/index.php/pkruscitech/index | ||
| 942 | _cJNR | ||
| 998 |
_ajintana _h755 _j755 _k จินตนา เอี่ยมคง |
||
| 999 |
_c97954 _d97954 |
||